000 00622nam a2200241 i 4500
001 C2-0226202
003 PPAK
005 20180728154056.0
008 000619s1978 nyu |||| ||||| | eng d
020 _a0671522663
040 _aPPAK
_beng
_cPPAK
_erda
082 0 4 _a823
_223
090 0 0 _a823
_bGRO
_dG
100 1 _aGroom, Winston,
_eauthor
245 1 0 _aBetter times than these
264 1 _aNew York :
_bPocket Books ,
_c1978
300 _a450 pages ;
_c17 cm
336 _2rdacontent
_atext
337 _2rdamedia
_aunmediated
338 _2rdacarrier
_avolume
650 1 0 _aEnglish fiction
942 _ddc
_cB
999 _c146619
_d146619